You're in the wrong group! - One Direction Songs vs Albums - Statistics

General Stats
  • This quiz has been taken 2,806 times
  • The average score is 12 of 12
Answer Stats
Hint Answer % Correct
I Wish, I Want, I Would I Would
100%
You and I, Night Changes, Steal My Girl You and I
99%
Live While We're Young, Little Things, One Thing One Thing
98%
Infinity, Wolves, Story of My Life Story of My Life
98%
If I Could Fly, Irresistible, Little Things If I Could Fly
97%
Something Great, Through the Dark, Once in a Lifetime Once in a Lifetime
97%
No Control, Why Don't We Go There, Where Do Broken Hearts Go Why Don't We Go There
97%
Truly Madly Deeply, 18, Summer Love 18
96%
Heart Attack, She's Not Afraid, Alive Alive
96%
Never Enough, Girl Almighty, Temporary Fix Girl Almighty
96%
Taken, Moments, Over Again Over Again
96%
Rock Me, Stand Up, Stole My Heart Rock Me
96%
No matching quizzes found
Score Distribution
Percent of People with Each Score
Percentile by Number Answered
Your Score History
You have not taken this quiz